Normal view
MARC view
- Firdous, Mehak
Entry Personal Name
001 - CONTROL NUMBER
- control field: 19232
003 - CONTROL NUMBER IDENTIFIER
- control field: NUST
005 - DATE AND TIME OF LATEST TRANSACTION
- control field: 20190809052413.0
008 - FIXED-LENGTH DATA ELEMENTS
- fixed length control field: 190809|| aca||aabn | a|a d
040 ## - CATALOGING SOURCE
- Original cataloging agency: NUST
- Transcribing agency: NUST
100 ## - HEADING--PERSONAL NAME
- Personal name: Firdous, Mehak
670 ## - SOURCE DATA FOUND
- Source citation: Work cat.: (NUST): Firdous, Mehak, Integrated Risk Management Strategy of Meezan Bank Ltd /, 2013.
